Hart DC v ADT Auctions Ltd (now BCA Ltd) (Record no. 100382)

MARC details
000 -LEADER
fixed length control field 00967cam a2200181 4500
001 - CONTROL NUMBER
control field X105396
008 - FIXED-LENGTH DATA ELEMENTS--GENERAL INFORMATION
fixed length control field 000000n 000 0 eng u
035 ## - SYSTEM CONTROL NUMBER
System control number (Sirsi) u105396
245 ## - TITLE STATEMENT
Title Hart DC v ADT Auctions Ltd (now BCA Ltd)
260 ## - PUBLICATION, DISTRIBUTION, ETC.
-- 000
490 ## - SERIES STATEMENT
Series statement Planning Appeal Decisions
Volume/sequential designation 15 PAD 143-149(9)
520 ## - SUMMARY, ETC.
Summary, etc. APP/N1730/A?95/258813 Outline application-residential-proposed Special Protection Area ("p/SPA") deficiency in housing land supply-structure and local plans-environmental impact assessment-recreational pressure on p/SPA-close to SSSI-rubbish dumping-risk of fires-emergency access road-disturbance to habitats-not controllable by conditions-not satisfied that development would not adversely affect integrity of site (Headnote from journal article)
650 ## - SUBJECT ADDED ENTRY--TOPICAL TERM
Topical term or geographic name entry element HART DC V ADT AUCTIONS LTD (NOW BCA LTD)
650 ## - SUBJECT ADDED ENTRY--TOPICAL TERM
Topical term or geographic name entry element OUTLINE PLANNING PERMISSION
650 ## - SUBJECT ADDED ENTRY--TOPICAL TERM
Topical term or geographic name entry element RESIDENTIAL DEVELOPMENT
690 ## - LOCAL SUBJECT ADDED ENTRY--TOPICAL TERM (OCLC, RLIN)
Topical term or geographic name as entry element Planning and development
9 (RLIN) 6259
942 ## - ADDED ENTRY ELEMENTS (KOHA)
Suppress in OPAC 0
Holdings
Withdrawn status Lost status Source of classification or shelving scheme Damaged status Not for loan Home library Current library Shelving location Date acquired Total Checkouts Full call number Barcode Date last seen Copy number Price effective from Koha item type
    Dewey Decimal Classification     London London Journal article 17/04/2000   X105396 105396-1001 06/08/2019 1 06/08/2019 Law report